Ultimate Chinese Pinyin Quiz - Statistics

General Stats
  • This quiz has been taken 8 times
  • The average score is 78 of 100
Answer Stats
Character Pinyin % Correct
100%
100%
de
100%
100%
lái
100%
le
100%
men
100%
rén
100%
shì
100%
100%
100%
yào
100%
100%
100%
yǒu
100%
zài
100%
zhè
100%
zhōng
100%
běn
83%
chū
83%
dāng
83%
83%
duì
83%
duō
83%
guó
83%
hái
83%
hǎo
83%
hòu
83%
huì
83%
jiā
83%
kàn
83%
83%
83%
me
83%
méi
83%
miàn
83%
83%
néng
83%
83%
nián
83%
83%
shàng
83%
shēng
83%
shuō
83%
83%
tiān
83%
xià
83%
xiǎng
83%
xiǎo
83%
xīn
83%
xíng
83%
xué
83%
zhǐ
83%
zi
83%
zuò
83%
chéng
67%
cóng
67%
dàn
67%
dào
67%
dào
67%
dìng
67%
dòng
67%
dōu
67%
ér
67%
67%
fāng
67%
fēn
67%
guò
67%
67%
jìn
67%
jīng
67%
jiù
67%
kāi
67%
67%
67%
67%
qián
67%
rán
67%
67%
shí
67%
shì
67%
suǒ
67%
tóng
67%
wèi
67%
xiē
67%
yàng
67%
67%
yīn
67%
yòng
67%
67%
zhe
67%
zhī
67%
zhǒng
67%
zhǔ
67%
67%
50%
de
50%
50%
shí
50%
xiàn
50%
No matching quizzes found
Score Distribution
Percent of People with Each Score
Percentile by Number Answered
Your Score History
You have not taken this quiz